Introduction to animal science (0 471 17094 1)

محفوظ في:
التفاصيل البيبلوغرافية
المؤلف الرئيسي: WILSON G POND
التنسيق: كتاب
اللغة:Undetermined
منشور في: John Wiley & sons 1999
الوسوم: إضافة وسم
لا توجد وسوم, كن أول من يضع وسما على هذه التسجيلة!
Thư viện lưu trữ: Trung tâm Học liệu Trường Đại học Cần Thơ
LEADER 00418nam a2200145Ia 4500
001 CTU_49333
008 210402s9999 xx 000 0 und d
082 |a 636 
082 |b P796 
100 |a WILSON G POND 
245 0 |a Introduction to animal science (0 471 17094 1) 
245 0 |c WILSON G POND, Kevin R. Pond 
260 |b John Wiley & sons 
260 |c 1999 
980 |a Trung tâm Học liệu Trường Đại học Cần Thơ